000 00578nam a2200181 i 4500
001 58629
003 ES-MaACL
005 20260424183902.0
007 t|
008 031023s1972 sp ||||1| spa d
100 1 _aDurrell, Lawrence,
_d1912-1990
_946321
245 1 0 _aPoemas escogidos
_b: (1935-1963) /
_cLawrence Durrell ; traducción y prólogo José María Martín Triana.
260 _a[Madrid :
_bAlberto Corazón,
_c1972]
300 _a128 p. ;
_c19 cm.
700 1 _aMartín Triana, José María.
_977665
852 _aES-MaACL
_jC-51184
_bR.83795
999 _c58629
_d58629